|
|
|
|
| LEADER |
00000nam2a2200000 4500 |
| 001 |
330885 |
| 005 |
20231102004313.0 |
| 035 |
|
|
|a (RuTPU)RU\TPU\book\356673
|
| 090 |
|
|
|a 330885
|
| 100 |
|
|
|a 20170412d1961 km y0rusy50 ca
|
| 101 |
0 |
|
|a rus
|
| 102 |
|
|
|a RU
|
| 105 |
|
|
|a a g 001zy
|
| 200 |
0 |
|
|a Т. 3 : Подземные работы
|f под ред. А. М. Терпигорева, Р. П. Каплунова
|
| 210 |
|
|
|d 1961
|
| 215 |
|
|
|a 808 с.
|c ил.
|
| 320 |
|
|
|a Библиография в конце разделов
|
| 461 |
|
1 |
|0 (RuTPU)RU\TPU\book\356668
|t Справочник по горнорудному делу
|v Т. 3 : Подземные работы
|d 1960
|
| 606 |
1 |
|
|a Горнорудное дело
|2 stltpush
|3 (RuTPU)RU\TPU\subj\7652
|9 35234
|
| 610 |
1 |
|
|a подземные работы
|
| 610 |
1 |
|
|a разработка месторождений
|
| 610 |
1 |
|
|a руда
|
| 610 |
1 |
|
|a подземный транспорт
|
| 610 |
1 |
|
|a подъемные установки
|
| 610 |
1 |
|
|a водоотливные установки
|
| 610 |
1 |
|
|a компрессорные установки
|
| 610 |
1 |
|
|a освещение
|
| 610 |
1 |
|
|a электротехнические установки
|
| 610 |
1 |
|
|a средства связи
|
| 610 |
1 |
|
|a сигнализация
|
| 610 |
1 |
|
|a подземные пожары
|
| 610 |
1 |
|
|a шахты
|
| 610 |
1 |
|
|a производственная мощность
|
| 610 |
1 |
|
|a охрана труда
|
| 610 |
1 |
|
|a техника безопасности
|
| 610 |
1 |
|
|a справочники
|
| 675 |
|
|
|a 622.34(035)
|v 4
|
| 702 |
|
1 |
|a Терпигорев
|b А. М.
|4 340
|
| 702 |
|
1 |
|a Каплунов
|b Р. П.
|4 340
|
| 801 |
|
1 |
|a RU
|b 63413507
|c 20170412
|
| 801 |
|
2 |
|a RU
|b 63413507
|c 20170413
|g RCR
|
| 942 |
|
|
|c BK
|